000 01138cam a2200337 i 4500
001 21654358
003 OSt
005 20260525115706.0
008 200806m20159999ke w f000 0 eng
010 _a 2020339237
020 _a9966821619
_q(v. 1)
020 _a9789966821614
035 _a21654358
040 _aDLC
_beng
_erda
_cDLC
042 _alcode
_apcc
043 _af-ke---
050 0 0 _aKSK2300
_b.A49 2015
245 0 4 _aThe Kenya law reports :
_bdevolution /
_ceditor, Long'et Terer.
264 1 _aNairobi :
_bNational Council for Law Reporting (Kenya Law),
_c2015-
300 _avolumes ;
_c24 cm
336 _atext
_btxt
_2rdacontent
337 _aunmediated
_bn
_2rdamedia
338 _avolume
_bnc
_2rdacarrier
650 0 _aDecentralization in government
_xLaw and legislation
_zKenya
_vCases.
700 1 _aTerer, Long'et,
_eeditor.
710 2 _aNational Council for Law Reporting (Kenya),
_epublisher.
906 _a7
_bcbc
_corigode
_d2
_encip
_f20
_gy-gencatlg
942 _2lcc
_cBK
999 _c266288
_d266287